000 00716nam a22002297i 4500
003 URS
005 20220117150738.0
008 181210s2011 ph ||||| |||| 00| 0 eng d
020 _a9710412211
040 _beng
_erda
_cURS
050 1 4 _aQ 180.A1
_bB8623 2011
100 1 _aBueno, David Cababaro,
_eauthor
245 1 0 _aPhysical science for college students /
_cDavid Cababaro Bueno.
264 1 _aMandaluyong City :
_bBooks Atbp. Publishing,
_c2011.
300 _axii, 273 pages ;
_c25 cm
336 _atext
_btxt
_2rdacontent
337 _aunmediated
_bn
_2rdamedia
338 _avolume
_bnc
_2rdacarrier
500 _aIncludes bibliographical references.
650 0 _aScience
_xStudy and teaching
942 _cF
_2lcc
999 _c5763
_d5763